Derecho comercial

Gardado en:
Detalles Bibliográficos
Autor Principal: Palma Rogers, Gabriel (autor)
Formato: Libro
Idioma:Lingua castelá
Publicado: Santiago Artuffo 1910
Subjects:
Tags: Engadir etiqueta
Sen Etiquetas, Sexa o primeiro en etiquetar este rexistro!

MARC

LEADER 00000nam a2200000 a 4500
001 UCS1821
003 CL-VaPUC
008 970515e19100000CL |||||||||||||||||spa|d
082 0 4 |a 346.07  |b PAL  |2 21 
100 |a Palma Rogers, Gabriel  |e autor  |9 480663 
245 1 0 |a Derecho comercial 
300 |a 335 p 
942 |c BK 
945 |d 19970515 00:00:00  |a paguirre 
260 |a Santiago  |b Artuffo  |c 1910 
650 0 |a Derecho comercial   |9 256340 
650 0 |a Códigos  |9 352314 
650 7 |a OPERACIONES COMERCIALES  |2 CL-VaPUC  |9 337866 
650 0 |a Obligaciones   |9 255578 
650 0 |a Contratos  |9 255153 
650 0 |a Prescripción civil   |9 383145 
651 7 |a CHILE  |2 CL-VaPUC  |9 386647 
583 |a last modification  |c 19970515 00:00:00  |k Rodrigo Vera 
999 |c 259853  |d 259851 
952 |0 0  |1 0  |4 0  |6 346_070000000000000_PAL_1910  |7 0  |8 X  |9 285345  |a BIBDER  |b BIBDER  |d 2019-11-19  |i 1853597  |o 346.07 PAL 1910  |p 1853597  |r 2023-01-25  |w 2019-11-19  |y BK_X  |k DER